عرض عادي
عرض مارك
- إدارة الوقت
مدخل مصطلح موضوعي
001 - رقم الضبط
- حقل الضبط: 91653
003 - معرف رقم الضبط
- حقل الضبط: OSt
005 - تاريخ ووقت أخر عملية
- حقل الضبط: 20220620104818.0
008 - عناصر بيانات ثابتة الطول
- حقل تحكم ثابت الطول: 220620|| aca||aabn | a|a d
040 ## - مصدر الفهرسة
- هيئة الفهرسة الأصلية: OSt
- وكالة الكتابة: OSt
150 ## - مدخل-- مصطلح تاريخي
- عنصر مدخل المصطلح الموضوعي او الاسم الجغرافي: إدارة الوقت
670 ## - بيانات المصدر موجوده
- الاستشهاد بالمصدر: Work cat.: (OSt): الخالدي، عصام 91652, هندسة الوقت :, 2016
